<?xml version="1.0" encoding="UTF-8"?><?xml-stylesheet type="text/xsl" href="static/style.xsl"?><OAI-PMH xmlns="http://www.openarchives.org/OAI/2.0/" xmlns:xsi="http://www.w3.org/2001/XMLSchema-instance" xsi:schemaLocation="http://www.openarchives.org/OAI/2.0/ http://www.openarchives.org/OAI/2.0/OAI-PMH.xsd"><responseDate>2026-04-18T05:54:23Z</responseDate><request verb="GetRecord" identifier="oai:www.recercat.cat:20.500.14342/5163" metadataPrefix="marc">https://recercat.cat/oai/request</request><GetRecord><record><header><identifier>oai:recercat.cat:20.500.14342/5163</identifier><datestamp>2025-05-15T19:19:47Z</datestamp><setSpec>com_2072_482405</setSpec><setSpec>com_2072_183628</setSpec><setSpec>col_2072_482409</setSpec></header><metadata><record xmlns="http://www.loc.gov/MARC21/slim" xmlns:dcterms="http://purl.org/dc/terms/" xmlns:xsi="http://www.w3.org/2001/XMLSchema-instance" xmlns:doc="http://www.lyncode.com/xoai" xsi:schemaLocation="http://www.loc.gov/MARC21/slim http://www.loc.gov/standards/marcxml/schema/MARC21slim.xsd">
   <leader>00925njm 22002777a 4500</leader>
   <datafield ind2=" " ind1=" " tag="042">
      <subfield code="a">dc</subfield>
   </datafield>
   <datafield ind2=" " ind1=" " tag="720">
      <subfield code="a">Torres Castro, Rodrigo</subfield>
      <subfield code="e">author</subfield>
   </datafield>
   <datafield ind2=" " ind1=" " tag="720">
      <subfield code="a">Gimeno-Santos, Elena</subfield>
      <subfield code="e">author</subfield>
   </datafield>
   <datafield ind2=" " ind1=" " tag="720">
      <subfield code="a">Vilaro, Jordi</subfield>
      <subfield code="e">author</subfield>
   </datafield>
   <datafield ind2=" " ind1=" " tag="720">
      <subfield code="a">Roqué Figuls, Marta</subfield>
      <subfield code="e">author</subfield>
   </datafield>
   <datafield ind2=" " ind1=" " tag="720">
      <subfield code="a">Moisés , Jorge</subfield>
      <subfield code="e">author</subfield>
   </datafield>
   <datafield ind2=" " ind1=" " tag="720">
      <subfield code="a">Vasconcello Castillo, Luis</subfield>
      <subfield code="e">author</subfield>
   </datafield>
   <datafield ind2=" " ind1=" " tag="720">
      <subfield code="a">Orizaga, Tanya</subfield>
      <subfield code="e">author</subfield>
   </datafield>
   <datafield ind2=" " ind1=" " tag="720">
      <subfield code="a">Barberà, Joan Albert</subfield>
      <subfield code="e">author</subfield>
   </datafield>
   <datafield ind2=" " ind1=" " tag="720">
      <subfield code="a">Blanco, Isabel</subfield>
      <subfield code="e">author</subfield>
   </datafield>
   <datafield ind2=" " ind1=" " tag="260">
      <subfield code="c">2021-04</subfield>
   </datafield>
   <datafield ind2=" " ind1=" " tag="520">
      <subfield code="a">Background&#xd;
Pulmonary hypertension (PH) is a frequent complication in patients with COPD.&#xd;
&#xd;
Objective&#xd;
To determine if, in patients with COPD, the presence of PH decreases exercise tolerance.&#xd;
&#xd;
Methods&#xd;
We included studies that analysed exercise tolerance using a cardiopulmonary exercise test (CPET) in patients with COPD with PH (COPD-PH) and without PH (COPD-nonPH). Two independent reviewers analysed the studies, extracted the data and assessed the quality of the evidence.&#xd;
&#xd;
Results&#xd;
Of the 4915 articles initially identified, seven reported 257 patients with COPD-PH and 404 patients with COPD-nonPH. The COPD-PH group showed differences in peak oxygen consumption (V′O2peak), −3.09 mL·kg−1·min−1 (95% CI −4.74 to −1.43, p=0.0003); maximum workload (Wmax), −20.5 W (95% CI −34.4 to −6.5, p=0.004); and oxygen pulse (O2 pulse), −1.24 mL·beat−1 (95% CI −2.40 to −0.09, p=0.03), in comparison to the group with COPD-nonPH. If we excluded studies with lung transplant candidates, the sensitivity analyses showed even bigger differences: V′O2, −4.26 mL·min−1·kg−1 (95% CI −5.50 to −3.02 mL·kg−1·min−1, p&lt;0.00001); Wmax, −26.6 W (95% CI −32.1 to −21.1 W, p&lt;0.00001); and O2 pulse, −2.04 mL·beat−1 (95% CI −2.92 to −1.15 mL·beat−1, p&lt;0.0001).&#xd;
&#xd;
Conclusion&#xd;
Exercise tolerance was significantly lower in patients with COPD-PH than in patients with COPD-nonPH, particularly in nontransplant candidates.</subfield>
   </datafield>
   <datafield ind1="8" ind2=" " tag="024">
      <subfield code="a">http://hdl.handle.net/20.500.14342/5163</subfield>
   </datafield>
   <datafield ind1="8" ind2=" " tag="024">
      <subfield code="a">https://doi.org/10.1183/16000617.0321-2020</subfield>
   </datafield>
   <datafield tag="653" ind2=" " ind1=" ">
      <subfield code="a">Hipertensió pulmonar</subfield>
   </datafield>
   <datafield tag="653" ind2=" " ind1=" ">
      <subfield code="a">Exercici</subfield>
   </datafield>
   <datafield tag="653" ind2=" " ind1=" ">
      <subfield code="a">Pulmons -- Malalties obstructives</subfield>
   </datafield>
   <datafield ind2="0" ind1="0" tag="245">
      <subfield code="a">Effect of pulmonary hypertension on exercise tolerance in patients with COPD: a prognostic systematic review and meta-analysis</subfield>
   </datafield>
</record></metadata></record></GetRecord></OAI-PMH>